00518 2200181 4500001002100000005001500021035002000036007000300056008004100059020002200100082000800122084001400130100001800144245005900162260004600221300004600267700002300313INLIS00000000000045420201217084031 a0010-1220000041ta201217 0 ind  a978-602-15-8052-3 a803 a803 UTI k0 aUti Darmawati1 aKamus Sastra Indonesia dan Kebahasaan /cUti Darmawati aSurakarta :bAksarra Sinergi Media,c2019 aviii + 344 hal. :bilus. ;c14,8 x 21 cm.0 aAgung Tri Haryanta